Agricultural experimentation: design and analysis

Saved in:
Bibliografiske detaljer
Main Authors: Little, Thomas M. (autor), Hills, F. Jackson (Author)
Format: Bog
Sprog:engelsk
Udgivet: Nueva York John Wiley and Sons 1978
Udgivelse:1a. ed
Fag:
Tags: Tilføj Tag
Ingen Tags, Vær først til at tagge denne postø!

MARC

LEADER 00000cam a2200000 a 4500
001 UCC1993
003 CL-VaPUC
008 171230e19780000us |||||||||||||||||eng|d
020 |a 0471023523 
082 0 4 |a 630.72  |b LIT  |2 21 
100 |a Little, Thomas M.  |e autor  |9 596123 
700 0 |a Hills, F. Jackson  |e author  |9 596124 
245 1 0 |a Agricultural experimentation: design and analysis 
250 |a 1a. ed 
300 |a 350 p 
942 |c BK 
945 |d 20171230 00:11:00  |a dcastane 
260 |a Nueva York  |b John Wiley and Sons  |c 1978 
650 0 |a Agricultura  |9 255598 
650 7 |a INVESTIGACION AGRICOLA  |2 CL-VaPUC  |9 596125 
583 |a last modification  |c 20171230 00:11:00  |k Rodrigo Vera 
999 |c 370313  |d 370311 
952 |0 0  |1 0  |3 erb  |4 0  |6 630_720000000000000_LIT_1978  |7 0  |8 A  |9 486705  |a BIBALI  |b BIBALI  |c GEN  |i 5443105  |o 630.72 LIT 1978  |p 5443105  |r 2025-01-20  |w 2019-11-24  |y BK  |z Catalogado en:20171230  |k ALI